000 00810nam a22002897a 4500
001 BR2013004700
003 BR-BrBNA
005 20230928104211.0
007 ta
008 230509b bl.||||| |||| 00| 0 por d
040 _aBR-BrBNA
_bpor
_cBiblioteca Nacional de Agricultura
041 _a(Por)
072 _aL01
_b9702
090 _ 9702 BR2013004700
110 1 _aMinistério da Agricultura, Brasília, DF (Brasil). Depto. Nacional de Inspeção de Produtos de Origem Animal
_97229
245 1 _aIdentificação codificada de carcaças
260 3 _aBrasília, DF (Brasil):
_c1970.
300 _a27 p.
650 _aIDENTIFICAÇÃO
650 _aCARCAÇA
650 _aBOVINO
650 _aRAÇA
650 _aSEXO
650 _aPESO
909 _a202309
_bLucia
_c55
_dLucia Elande
942 _cBK
999 _c78659
_d78659